Vista normal Vista MARC

Entrada Topical Term

Número de registros utilizados en: 2

001 - CONTROL NUMBER

  • control field: 25935

003 - CONTROL NUMBER IDENTIFIER

  • control field: OSt

005 - DATE AND TIME OF LATEST TRANSACTION

  • control field: 20230915231150.0

008 - FIXED-LENGTH DATA ELEMENTS

  • fixed length control field: 230915|| aca||aabn | a|a d

040 ## - CATALOGING SOURCE

  • Original cataloging agency: OSt
  • Transcribing agency: OSt

150 ## - HEADING--TOPICAL TERM

  • Topical term or geographic name entry element: LEXICOLOGIA

670 ## - SOURCE DATA FOUND

  • Source citation: Work cat.: (OSt)27575: Camacho Becerra, Heriberto; Comparan Rizo, Juan Jose; Castillo Robles, Felipe 25933, Manual de etimologías Grecolatinas, Limusa









Instituto Departamental de Cultura del Meta - Red Departamental de Bibliotecas Públicas del Meta.